000 00706cam a22002051 4500
001 ca 31000335
003 DLC
005 20260227111125.0
008 811013s1931 mnuac 000 0beng
010 _aca 31000335
035 _a(OCoLC)7841538
040 _aDLC
_cMnNS
_dDLC
050 0 0 _aGV939.R6
_bK6
082 0 0 _a796.332/092
_aB
245 0 0 _aKnute Rockne's career.
250 _aComplete library size ed.
_bon the life, the stars, the plays, methods, strategies, wit and triumphs of the greatest football coach of all time: Knute Rockne.
260 _aMinneapolis, Minn.,
_bModern magazines, inc.,
_c1931.
300 _a64 p.
_billus. (incl. ports.)
_c23 cm.
600 1 0 _aRockne, Knute,
_d1888-1931.
999 _c16796
_d16796